| 000 | 00325nam a2200133Ia 4500 | ||
|---|---|---|---|
| 008 | 230312s9999||||xx |||||||||||||| ||und|| | ||
| 082 |
_a004 _bMEY-A |
||
| 100 | _aMeyers Micheal | ||
| 245 | 0 | _aA+ Certification | |
| 300 | _a1263 | ||
| 546 | _aEng. | ||
| 650 |
_aComputer _vMicroprocessors , Motherboard and Bios . |
||
| 942 | _cBK | ||
| 999 |
_c3370 _d3370 |
||